000 00434nam a2200205Ia 4500
003 0100
008 130303s9999 xx 000 0 und d
040 _cARRUPELIB
050 _aB1649.G78 1996
100 _aGrayling, A.C
245 _aRussell
260 _aOxford
260 _bOxford UP
260 _C1996
300 _a115p.
300 _b 19cm
650 _aPHILOSOPHY
650 _bSenegambia--History
942 0 0 _03
999 _c18181
_d18181